Final Four CWS Teams since 2000 - Statistics

General Stats
  • This quiz has been taken 16 times
  • The average score is 83 of 100
Answer Stats
Hint % Correct
2005 | 2023
92%
92%
92%
92%
92%
92%
92%
92%
92%
2006
92%
92%
2022
92%
92%
92%
92%
92%
92%
2024
92%
2002
92%
92%
2004
92%
92%
92%
2015
92%
2012
83%
83%
83%
83%
2018
83%
83%
2008
83%
83%
2019
83%
83%
83%
83%
83%
83%
83%
83%
83%
2010
83%
2013
83%
83%
2014
83%
83%
83%
75%
75%
2025
75%
75%
2021
75%
2001
67%
67%
2000
67%
2003
67%
67%
67%
67%
58%
50%
33%
No matching quizzes found
Score Distribution
Percent of People with Each Score
Percentile by Number Answered
Your Score History
You have not taken this quiz